[Event "FRA-ch op-C"]
[Site "L'Alpe d'Huez"]
[Date "2023.08.26"]
[Round "8"]
[White "Page, Noah"]
[Black "Martin, Alix"]
[Result "1-0"]
[WhiteElo "1735"]
[BlackElo "1729"]
[PlyCount "95"]
[EventDate "2023.08.19"]
[EventType "swiss"]
[EventRounds "9"]
[EventCountry "FRA"]
[SourceTitle "EXT 2024"]
[Source "ChessBase"]
[SourceDate "2023.10.10"]
[SourceVersion "1"]
[SourceVersionDate "2023.10.10"]
[SourceQuality "1"]

1. e4 e5 2. Nf3 Nc6 3. d4 exd4 4. Nxd4 Nf6 5. Nxc6 bxc6 6. e5 Qe7 7. Qe2 Nd5 8. h4 Qe6 9. Nd2 Nb4 10. Nf3 Ba6 11. c4 Bxc4 12. Qxc4 Qxc4 13. Bxc4 Nc2+ 14. Kd1 Nxa1 15. b3 d5 16. exd6 0-0-0 17. Bb2 Bxd6 18. Bxa1 f6 19. Ba6+ Kb8 20. Kc2 Bc5 21. Rf1 Rhe8 22. b4 Bf8 23. Bd4 Rd5 24. Bc4 Rd7 25. b5 Re4 26. Kc3 c5 27. Be3 Kb7 28. g3 Kb6 29. Nd2 Re8 30. a4 Red8 31. a5+ Kxa5 32. Ra1+ Kb6 33. Nb3 Rd1 34. Ra6+ Kb7 35. Na5+ Kc8 36. Be6+ R8d7 37. Rxa7 Kd8 38. Nc6+ Ke8 39. Ra8+ Rd8 40. Rxd8+ Rxd8 41. Nxd8 Kxd8 42. Kc4 Bd6 43. Bxc5 Be5 44. h5 g6 45. Bd4 Bxd4 46. Kxd4 Ke7 47. hxg6 hxg6 48. Kd5 1-0

[Event "FRA-ch op-C"]
[Site "L'Alpe d'Huez"]
[Date "2023.08.25"]
[Round "7"]
[White "Martin, Alix"]
[Black "Benouaret, Idir"]
[Result "1/2-1/2"]
[WhiteElo "1729"]
[BlackElo "1720"]
[PlyCount "110"]
[EventDate "2023.08.19"]
[EventType "swiss"]
[EventRounds "9"]
[EventCountry "FRA"]
[SourceTitle "EXT 2024"]
[Source "ChessBase"]
[SourceDate "2023.10.10"]
[SourceVersion "1"]
[SourceVersionDate "2023.10.10"]
[SourceQuality "1"]

1. e4 e5 2. Nf3 Nc6 3. Bb5 Nf6 4. d3 Bc5 5. c3 0-0 6. Bxc6 bxc6 7. Nxe5 d5 8. exd5 Re8 9. d4 Rxe5+ 10. dxe5 Ng4 11. Be3 Nxe3 12. fxe3 Qh4+ 13. Kd2 Qe4 14. Qf3 Bxe3+ 15. Ke1 Qxe5 16. Nd2 Ba6 17. Kd1 Re8 18. Re1 cxd5 19. Nf1 d4 20. Nxe3 dxe3 21. Kc2 e2 22. b3 c5 23. c4 Bc8 24. g4 Qxh2 25. Rac1 Qe5 26. Kb1 Qe4+ 27. Qxe4 Rxe4 28. g5 Bf5 29. Kb2 f6 30. gxf6 gxf6 31. Kc3 Bg4 32. Kd2 f5 33. Rg1 h5 34. Rc3 f4 35. Ke1 Rd4 36. Kf2 Rd1 37. Re1 Kf7 38. Rxe2 Bxe2 39. Kxe2 Rh1 40. Rf3 Rh2+ 41. Kd3 Rh4 42. Ke4 Ke6 43. Rf2 Rg4 44. Rd2 Rg8 45. Kxf4 Rg4+ 46. Kf3 Rd4 47. Rh2 h4 48. Re2+ Kf5 49. Re7 Rd2 50. Rxa7 h3 51. Rh7 Rd3+ 52. Kf2 Kf4 53. Rh4+ Kg5 54. Rh8 Kf4 55. Rh4+ Ke5 1/2-1/2